Guide to literature on metals & metallurgical engineering /

Bibliographic Details
Main Author: Wilcox, Virginia Lee
Corporate Author: American Society for Engineering Education. Engineering School Libraries Division
Format: Book
Language:English
Published: Washington, D.C. : American Society for Engineering Education, Engineering School Libraries Division, [1970]
Subjects:

MARC

Tag First Indicator Second Indicator Subfields
LEADER 00000cam a2200000 a 4500
001 in00000075116
005 20151008060315.0
008 730913s1970 dcu 00010 eng d
035 |a (OCoLC)00689251 
035 |9 AAJ5517AM 
040 |a OSU  |c OSU  |d TXA  |d UtOrBLW 
049 |a TXAM  |c [1655330] 
090 |a Z6678  |b .W5 
100 1 |a Wilcox, Virginia Lee. 
245 1 0 |a Guide to literature on metals & metallurgical engineering /  |c compiled by Virginia Lee Wilcox. 
264 1 |a Washington, D.C. :  |b American Society for Engineering Education, Engineering School Libraries Division,  |c [1970] 
264 4 |c ©1970 
300 |a 32 pages ;  |c 22 cm. 
336 |a text  |b txt  |2 rdacontent 
337 |a unmediated  |b n  |2 rdamedia 
338 |a volume  |b nc  |2 rdacarrier 
650 0 |a Metallurgy  |v Bibliography. 
710 2 |a American Society for Engineering Education.  |b Engineering School Libraries Division.  |t Guide to literature on metals & metallurgical engineering. 
999 |a MARS 
999 f f |s 13d08f61-1a0f-3663-9462-9ee6d0fd9d1c  |i c6a67cee-9fe7-3810-a599-7658749b3d5b  |t 0 
952 f f |p ric  |a Texas A&M University  |b Rellis Campus  |c Joint Library Facility  |s JLF  |d Remote Storage  |t 0  |e Z6678 .W5  |h Library of Congress classification  |i unmediated -- volume  |m A14842734239 
998 f f |a Z6678 .W5  |t 0  |l Remote Storage